Operating systems : (Record no. 9074)

MARC details
000 -LEADER
fixed length control field 01580cam a22002894a 4500
001 - CONTROL NUMBER
control field 16585448
003 - CONTROL NUMBER IDENTIFIER
control field OSt
005 - DATE AND TIME OF LATEST TRANSACTION
control field 20220720162022.0
008 - FIXED-LENGTH DATA ELEMENTS--GENERAL INFORMATION
fixed length control field 101220s2012 maua b 001 0 eng
020 ## - INTERNATIONAL STANDARD BOOK NUMBER
International Standard Book Number 9780273779742 (alk. paper)
020 ## - INTERNATIONAL STANDARD BOOK NUMBER
International Standard Book Number 013230998X (alk. paper)
040 ## - CATALOGING SOURCE
Original cataloging agency DLC
Transcribing agency LC
Modifying agency LC
042 ## - AUTHENTICATION CODE
Authentication code pcc
050 00 - LIBRARY OF CONGRESS CALL NUMBER
Classification number QA76.76.O63
Item number S733 2013
082 00 - DEWEY DECIMAL CLASSIFICATION NUMBER
Classification number 005.4/3
Edition number 22
100 1# - MAIN ENTRY--PERSONAL NAME
Personal name Stallings, William.
245 10 - TITLE STATEMENT
Title Operating systems :
Remainder of title internals and design principles /
Statement of responsibility, etc. William Stallings.
250 ## - EDITION STATEMENT
Edition statement 7th ed.
260 ## - PUBLICATION, DISTRIBUTION, ETC.
Place of publication, distribution, etc. Harlow, England :
Name of publisher, distributor, etc. Pearson Education Limited,
Date of publication, distribution, etc. c2013.
300 ## - PHYSICAL DESCRIPTION
Extent xvii, 788 p. :
Other physical details ill. ;
Dimensions 24 cm.
504 ## - BIBLIOGRAPHY, ETC. NOTE
Bibliography, etc. note Includes bibliographical references and index.
505 ## - FORMATTED CONTENTS NOTE
Formatted contents note Contents: Background: Computer system overview -- Operating system overview -- Process: Process description and control -- Threads -- Concurrency: Mutual exclusion and synchronization -- Concurrency: Deadlock and starvation -- Memory: Memory management -- Virtual memory -- Scheduling: Uniprocessor scheduling -- Multiprocessor and real time scheduling -- Input/output and files: Management and disk scheduling -- File management -- Embedded systems: Embedded operating systems -- Computer security: Computer security threats -- Computer security techniques -- Distributed systems: Distributed processing, client/ server and clusters -- .
650 #0 - SUBJECT ADDED ENTRY--TOPICAL TERM
Topical term or geographic name entry element Operating systems (Computers)
906 ## - LOCAL DATA ELEMENT F, LDF (RLIN)
a 7
b cbc
c orignew
d 1
e ecip
f 20
g y-gencatlg
942 ## - ADDED ENTRY ELEMENTS (KOHA)
Source of classification or shelving scheme Library of Congress Classification
Koha item type Books
Holdings
Withdrawn status Lost status Source of classification or shelving scheme Damaged status Not for loan Home library Current library Shelving location Date acquired Total Checkouts Full call number Barcode Date last seen Copy number Price effective from Koha item type
    Library of Congress Classification     WISCONSIN INTERNATIONAL UNIVERSITY COLLEGE, GHANA KUMASI LIBRARY WISCONSIN INTERNATIONAL UNIVERSITY COLLEGE, GHANA KUMASI LIBRARY General Stacks 14/11/2019   QA76.76.O63.S73(7e) K/2244/2244/19 20/07/2022 1 20/07/2022 Books
    Library of Congress Classification     WISCONSIN INTERNATIONAL UNIVERSITY COLLEGE, GHANA KUMASI LIBRARY WISCONSIN INTERNATIONAL UNIVERSITY COLLEGE, GHANA KUMASI LIBRARY General Stacks 14/11/2019   QA76.76.O63.S731(7e) K/2245/2245/19 20/07/2022 2 20/07/2022 Books
    Library of Congress Classification     WISCONSIN INTERNATIONAL UNIVERSITY COLLEGE, GHANA KUMASI LIBRARY WISCONSIN INTERNATIONAL UNIVERSITY COLLEGE, GHANA KUMASI LIBRARY General Stacks 14/11/2019   QA76.76.O63.S732(7e) K/2254/2254/19 20/07/2022 3 20/07/2022 Books
    Library of Congress Classification     WISCONSIN INTERNATIONAL UNIVERSITY COLLEGE, GHANA KUMASI LIBRARY WISCONSIN INTERNATIONAL UNIVERSITY COLLEGE, GHANA KUMASI LIBRARY General Stacks 14/11/2019   QA76.76.O63.S733(7e) K/2255/2255/19 20/07/2022 4 20/07/2022 Books
    Library of Congress Classification     WISCONSIN INTERNATIONAL UNIVERSITY COLLEGE, GHANA KUMASI LIBRARY WISCONSIN INTERNATIONAL UNIVERSITY COLLEGE, GHANA KUMASI LIBRARY General Stacks 14/11/2019   QA76.76.O63.S734(7e) K/2265/2265/19 20/07/2022 5 20/07/2022 Books
    Library of Congress Classification     WISCONSIN INTERNATIONAL UNIVERSITY COLLEGE, GHANA KUMASI LIBRARY WISCONSIN INTERNATIONAL UNIVERSITY COLLEGE, GHANA KUMASI LIBRARY General Stacks 14/11/2019   QA76.76.O63.S735(7e) K/2266/2266/19 20/07/2022 6 20/07/2022 Books
    Library of Congress Classification     WISCONSIN INTERNATIONAL UNIVERSITY COLLEGE, GHANA KUMASI LIBRARY WISCONSIN INTERNATIONAL UNIVERSITY COLLEGE, GHANA KUMASI LIBRARY General Stacks 14/11/2019   QA76.76.O63.S736(7e) K/2267/2267/19 20/07/2022 7 20/07/2022 Books

If you have any concerns or questions; kindly contact the library


© Powered by WIUC ICT DIRECTORATE